| 000 | 00701nam a2200229 a 4500 | ||
|---|---|---|---|
| 999 |
_c8552 _d8552 |
||
| 001 | 8552 | ||
| 003 | BD-JhCC | ||
| 005 | 20180227121203.0 | ||
| 008 | 171008s1997 bg a|||| ||a| 001 0 ben d | ||
| 020 | _a9845550126 | ||
| 035 | _a(BD-JhCC) 8552 | ||
| 040 |
_aBD-JhCC _dBD-JhCC |
||
| 041 | _aben | ||
| 082 |
_a709 _bISL 1997 |
||
| 100 | _aইসলাম, নজরুল | ||
| 245 |
_aজয়নুল আবেদিন / _cনজরুল ইসলাম |
||
| 260 |
_aঢাকা : _bবাংলাদেশ শিল্পকলা একাডেমী, _c1997. |
||
| 300 |
_a79 পৃ. : _bill, _c২৯ সেমি. |
||
| 650 | _aArts | ||
| 942 |
_2ddc _cBK |
||